|
|
|
|
| LEADER |
00804nam a22002172a 4500 |
| 001 |
000062881 |
| 003 |
CZ BrMZK |
| 005 |
20070110094943.0 |
| 008 |
950407s1987 xo f cze d |
| 040 |
|
|
|a BOA001
|b cze
|
| 080 |
|
|
|a 372.878
|
| 080 |
|
|
|a 377.5
|
| 245 |
0 |
0 |
|a Hudobná výchova s metodikou pre 4. ročník strednej pedagogickej školy :
|b študijný odbor 76-40-6 učiteľstvo pre materské školy /
|c Anna Podhorná
|
| 250 |
|
|
|a 1. vyd.
|
| 260 |
|
|
|a Bratislava :
|b Slovenské pedagogické nakladateľstvo,
|c 1987
|
| 300 |
|
|
|a 221 s.
|
| 700 |
1 |
|
|a Podhorná, Anna
|7 jx20041202015
|4 aut
|
| 910 |
|
|
|a BOA001
|b PK-0104.728
|
| 964 |
|
|
|a Výchova hudební - učebnice - školy pedagogické
|
| 990 |
|
|
|a BK
|
| 996 |
7 |
|
|b 3119972045
|c PK-0104.728
|l MZK
|r Sklad / do 1 hodiny
|n 0
|w 000062881
|u 000010
|a 1
|e BOA001
|j MZK50
|s A
|